সপুষ্পক উদ্ভিদের শ্রেণীবিন্যাসতত্ত্ব / (Record no. 49422)
[ view plain ]
| 000 -LEADER | |
|---|---|
| fixed length control field | 00851nam a22002297a 4500 |
| 001 - CONTROL NUMBER | |
| control field | 49422 |
| 003 - CONTROL NUMBER IDENTIFIER | |
| rucl marc code | BD-RjUL |
| 005 - DATE AND TIME OF LATEST TRANSACTION | |
| control field | 20211209054658.0 |
| 008 - FIXED-LENGTH DATA ELEMENTS--GENERAL INFORMATION | |
| fixed length control field | 160820s1980 bg ||||| |||| 00| 0 ben d |
| 020 ## - INTERNATIONAL STANDARD BOOK NUMBER | |
| Terms of availability | : TK 39.00 |
| 035 ## - SYSTEM CONTROL NUMBER | |
| System control number | (BD-RjUL)49541 |
| 040 ## - CATALOGING SOURCE | |
| Original cataloging agency | BD-RjUL |
| Language of cataloging | ben |
| Transcribing agency | BD-RjUL |
| 041 ## - LANGUAGE CODE | |
| Language code of text/sound track or separate title | ben |
| 082 ## - DEWEY DECIMAL CLASSIFICATION NUMBER | |
| Edition number | 23 |
| Classification number | 583 |
| Author mark and year | SAS 1980 |
| 100 ## - MAIN ENTRY--PERSONAL NAME | |
| Personal name | শর্মা, দ্বিজেন |
| 9 (RLIN) | 148357 |
| 245 10 - TITLE STATEMENT | |
| Title | সপুষ্পক উদ্ভিদের শ্রেণীবিন্যাসতত্ত্ব / |
| Statement of responsibility, etc. | দ্বিজেন শর্মা |
| 260 ## - PUBLICATION, DISTRIBUTION, ETC. (IMPRINT) | |
| Place of publication, distribution, etc. | ঢাকা : |
| Name of publisher, distributor, etc. | বাংলা একাডেমী, |
| Date of publication, distribution, etc. | ১৯৮০ |
| 300 ## - PHYSICAL DESCRIPTION | |
| Pagination | ৪৬২ পৃ. : |
| Illustrations | চিত্র ; |
| Size | ২১ সেমি. |
| 650 ## - SUBJECT ADDED ENTRY--TOPICAL TERM | |
| Topical term or geographic name as entry element | সপুষ্পক উদ্ভিদ |
| 9 (RLIN) | 148358 |
| Topical term or geographic name as entry element | Dicotyledons |
| 9 (RLIN) | 148359 |
| 942 ## - ADDED ENTRY ELEMENTS (KOHA) | |
| Source of classification or shelving scheme | Dewey Decimal Classification |
| Koha item type | Books |
| Lost status | Source of classification or shelving scheme | Damaged status | Not for loan | Collection code | Permanent Location | Current Location | Shelving location | Date acquired | Source of acquisition | Cost, normal purchase price | Total Checkouts | Full call number | Date last seen | Copy number | Koha item type |
|---|---|---|---|---|---|---|---|---|---|---|---|---|---|---|---|
| Dewey Decimal Classification | Non-fiction | Central Library, University of Rajshahi | Central Library, University of Rajshahi | 02/09/1984 | Impirial books,Rajshahi | 39.00 | B 583 SAS 1980 | 20/08/2016 | C-2 | Books | |||||
| Dewey Decimal Classification | Non-fiction | Central Library, University of Rajshahi | Central Library, University of Rajshahi | 02/09/1984 | Impirial books,Rajshahi | 39.00 | B 583 SAS 1980 | 21/09/2016 | C-3 | Books | |||||
| Dewey Decimal Classification | Non-fiction | Central Library, University of Rajshahi | Central Library, University of Rajshahi | 02/01/1985 | Bangla Academy, Dhaka | B 583 SAS 1980 | 24/09/2016 | C-4 | Books | ||||||
| Dewey Decimal Classification | Non-fiction | Central Library, University of Rajshahi | Central Library, University of Rajshahi | 02/09/1984 | Impirial books,Rajshahi | 39.00 | B 583 SAS 1980 | 23/10/2016 | C-5 | Books | |||||
| Dewey Decimal Classification | Non-fiction | Central Library, University of Rajshahi | Central Library, University of Rajshahi | 25/06/1990 | Bangla Academy, Dhaka. | 39.00 | B 583 SAS 1980 | 17/11/2016 | C-6 | Books | |||||
| Dewey Decimal Classification | Non-fiction | Central Library, University of Rajshahi | Central Library, University of Rajshahi | 25/04/1981 | Bangla Academy, Dhaka. | 39.00 | B 583 SAS 1980 | 22/11/2016 | C-7 | Books | |||||
| Dewey Decimal Classification | Not For Loan | Non-fiction | Central Library, University of Rajshahi | Central Library, University of Rajshahi | Reading Room | 25/04/1981 | Dhaka, Bangla Academy | 39.00 | B 583 SAS 1980 | 27/04/2017 | C-1 | Books |